Statistics for Noah Kahan - The View Between Villages Lyrics

Click here to take the quiz!

General Stats

  • This quiz has been taken 102 times
  • The average score is 136 of 149

Answer Stats

Answer% Correct
A
100%
a
100%
I
100%
in
100%
my
98%
so
98%
The
98%
the
98%
again
97%
and
97%
And
97%
feel
97%
Feel
97%
home
97%
I'm
97%
it
97%
minute
97%
of
97%
road
97%
between
95%
but
95%
last
95%
me
95%
villages
95%
death
94%
far
94%
For
94%
for
94%
from
94%
over
94%
all
92%
back
92%
It's
92%
lost
92%
bridge
91%
dog
91%
got
91%
knew
91%
people
91%
still
91%
They
91%
am
89%
angry
89%
everything's
89%
here
89%
not
89%
scared
89%
surrounded
89%
that
89%
things
89%
wheel
89%
Air
88%
cars
88%
grippin'
88%
or
88%
skin
88%
two
88%
Brook
86%
down
86%
lungs
86%
mile
86%
reverse
86%
seventeen
86%
world
86%
begins
85%
middle
85%
simple
85%
washin'
85%
dreams
83%
I've
83%
just
83%
Alger
82%
blood
82%
happy
82%
rush
82%
splitting
82%
stretch
82%
valley
82%
'Til
80%
bugs
79%
Passed
79%
seemed
79%
As
77%
homes
77%
Leave
77%
Oh
77%
oh
77%
their
77%
on
76%
is
74%
there
73%
curve
71%
Earth
71%
meaning
62%

Score Distribution

Percentile by Number Answered

Percent of People with Each Score

Your Score History

You have not taken this quiz